[Event "Mediterranean-ch 11th"]
[Site "Petrovac"]
[Date "2021.06.20"]
[Round "2"]
[White "Bacic, Kristina"]
[Black "Djukic, Sandra"]
[Result "0-1"]
[WhiteElo "1875"]
[BlackElo "2157"]
[PlyCount "82"]
[EventDate "2021.06.19"]
[EventType "swiss"]
[EventRounds "9"]
[EventCountry "MNE"]
[SourceTitle "CBM 203 Extra"]
[Source "ChessBase"]
[SourceDate "2021.09.30"]
[SourceVersion "1"]
[SourceVersionDate "2021.09.30"]
[SourceQuality "1"]

1. c4 e6 2. Nf3 d5 3. d4 Nf6 4. Nc3 dxc4 5. Qa4+ Nbd7 6. e4 c5 7. Bxc4 cxd4 8. Nxd4 Bc5 9. Be3 0-0 10. Qb3 Ng4 11. Nxe6 fxe6 12. Bxe6+ Kh8 13. Bxg4 Bxe3 14. 0-0 Nc5 15. Qa3 Bxg4 16. fxe3 Qg5 17. Nd5 Bh3 18. Rxf8+ Rxf8 19. g3 b6 20. Nf4 Qg4 21. Qxa7 Ne6 22. Qxb6 Nxf4 23. exf4 Qe2 24. Qf2 Qxe4 25. Re1 Qd5 26. b4 Ra8 27. a4 Bd7 28. a5 Bc6 29. Kf1 Bb5+ 30. Kg1 Bc6 31. Kf1 Qh1+ 32. Qg1 Bb5+ 33. Kf2 Qd5 34. Rd1 Qb3 35. Rb1 Qc4 36. Qd1 Re8 37. Rb2 Qc3 38. Rb3 Qc4 39. Rb2 Qe4 40. Rb3 Bc6 41. Qf1 Qc2+ 0-1

[Event "MNT-chT"]
[Site "Podgorica"]
[Date "2020.10.11"]
[Round "4.3"]
[White "Bacic, Kristina"]
[Black "Vuckovic, Marko1111"]
[Result "0-1"]
[WhiteElo "1838"]
[BlackElo "2043"]
[PlyCount "83"]
[EventDate "2020.10.09"]
[EventType "team-tourn"]
[EventRounds "9"]
[EventCountry "MNE"]
[SourceTitle "CBM 198 Extra"]
[Source "ChessBase"]
[SourceDate "2020.11.30"]
[SourceVersion "1"]
[SourceVersionDate "2020.11.30"]
[SourceQuality "1"]
[WhiteTeam "Mimoza"]
[BlackTeam "Buducnost"]
[WhiteTeamCountry "MNE"]
[BlackTeamCountry "MNE"]

1. d4 Nf6 2. Nc3 d5 3. Bf4 a6 4. e3 Bf5 5. f3 e6 6. g4 Bg6 7. h4 h5 8. g5 Nfd7 9. Bd3 Bxd3 10. Qxd3 c5 11. g6 f6 12. Bxb8 Qxb8 13. Nge2 b5 14. e4 cxd4 15. Nxd4 Qg3+ 16. Kd2 Ne5 17. Nce2 Qxg6 18. Qc3 Nc4+ 19. Ke1 Qf7 20. b3 b4 21. Qd3 Ne5 22. Qe3 Bc5 23. exd5 Qa7 24. Rd1 Rd8 25. f4 Rxd5 26. fxe5 fxe5 27. Qh3 Rd6 28. Nf4 exd4 29. Ng6 Rh6 30. Rg1 d3 31. Qf3 Bxg1 32. Qf8+ Kd7 33. Ne5+ Kc7 34. Qxg7+ Kc8 35. Qxa7 Bxa7 36. Nf7 e5 37. Nxh6 dxc2 38. Rc1 Rxh6 39. Rxc2+ Kd7 40. Rc4 Bd4 41. Ke2 a5 42. Ke1 0-1

[Event "Online Olym Div2 E"]
[Site "Chess.com INT"]
[Date "2020.08.16"]
[Round "7.4"]
[White "Castillo Morales, Thais"]
[Black "Bacic, Kristina"]
[Result "0-1"]
[WhiteElo "1846"]
[BlackElo "1856"]
[PlyCount "116"]
[EventDate "2020.08.14"]
[EventType "team-tourn (rapid)"]
[EventRounds "9"]
[EventCountry "USA"]
[SourceTitle "CBM 198"]
[Source "ChessBase"]
[SourceDate "2020.10.31"]
[SourceVersion "1"]
[SourceVersionDate "2020.10.31"]
[SourceQuality "1"]
[WhiteTeam "Costa Rica"]
[BlackTeam "Montenegro"]
[WhiteTeamCountry "CRI"]
[BlackTeamCountry "MNE"]

1. c4 c6 2. g3 d5 3. Bg2 Nf6 4. Nf3 dxc4 5. Qc2 Qd5 6. b3 cxb3 7. axb3 Qh5 8. d4 Bh3 9. 0-0 Bxg2 10. Kxg2 Nbd7 11. e4 e5 12. Bb2 exd4 13. Nxd4 Bc5 14. Nf5 0-0 15. Nd2 Bb6 16. h3 Rfe8 17. Nd6 Re6 18. Nxb7 Rb8 19. e5 Rxb7 20. exf6 Nxf6 21. Nf3 Qc5 22. Qd3 Rd7 23. Qa6 Rd8 24. Rac1 Qb5 25. Qa1 Qxb3 26. Rfe1 Ne4 27. Bxg7 Bxf2 28. Rf1 Bxg3 29. Bb2 Qb5 30. Rc2 f6 31. Ba3 Qd5 32. Qb2 Qh5 33. Re2 Ng5 34. h4 Rxe2+ 35. Qxe2 Nxf3 36. Qxf3 Qxf3+ 37. Rxf3 Bxh4 38. Rc3 Rc8 39. Bc5 a6 40. Kh3 Bg5 41. Ra3 Ra8 42. Kg4 Kf7 43. Rb3 Ke6 44. Rb7 h6 45. Rb6 Kd5 46. Ba3 a5 47. Kf5 a4 48. Rb4 Ra5 49. Rb6 Kc4+ 50. Ke4 Re5+ 51. Kf3 Re3+ 52. Kf2 Rxa3 53. Rxc6+ Kd5 54. Rb6 Rb3 55. Ra6 a3 56. Ke2 Rb2+ 57. Kd3 a2 58. Kc3 Rh2 0-1

[Event "Online Olym Div2 E"]
[Site "Chess.com INT"]
[Date "2020.08.16"]
[Round "9.4"]
[White "Francisco Guecamburu, Candela Be"]
[Black "Bacic, Kristina"]
[Result "1-0"]
[WhiteElo "2018"]
[BlackElo "1856"]
[PlyCount "107"]
[EventDate "2020.08.14"]
[EventType "team-tourn (rapid)"]
[EventRounds "9"]
[EventCountry "USA"]
[SourceTitle "CBM 198"]
[Source "ChessBase"]
[SourceDate "2020.10.31"]
[SourceVersion "1"]
[SourceVersionDate "2020.10.31"]
[SourceQuality "1"]
[WhiteTeam "Argentina"]
[BlackTeam "Montenegro"]
[WhiteTeamCountry "ARG"]
[BlackTeamCountry "MNE"]

1. e4 d5 2. exd5 Qxd5 3. Nc3 Qd8 4. d4 Nf6 5. Nf3 c6 6. Bf4 Bf5 7. Bd3 Bxd3 8. Qxd3 e6 9. a3 Be7 10. 0-0 0-0 11. Rad1 Nbd7 12. Rfe1 Nd5 13. Bg3 Nxc3 14. Qxc3 Nf6 15. Qd3 Qb6 16. Be5 h6 17. Rb1 Rfd8 18. c4 c5 19. Qc3 cxd4 20. Bxd4 Bc5 21. Bxc5 Qxc5 22. b4 Qf5 23. Rbd1 Qg4 24. h3 Qh5 25. Qe3 b6 26. Rd4 Rxd4 27. Qxd4 Rc8 28. Qd3 Qf5 29. Qxf5 exf5 30. Re7 Rxc4 31. Rxa7 Nd5 32. Kh2 Rc7 33. Ra8+ Kh7 34. Nd4 Kg6 35. Rd8 Nf6 36. Rd6 Rd7 37. Rxd7 Nxd7 38. a4 Kf6 39. f4 g5 40. Kg3 h5 41. Nc6 g4 42. Kh4 Kg6 43. Ne5+ Nxe5 44. fxe5 gxh3 45. gxh3 f4 46. a5 bxa5 47. bxa5 Kf5 48. a6 Kxe5 49. a7 Ke4 50. a8Q+ Ke3 51. Qe8+ Kf2 52. Qxf7 f3 53. Kxh5 Kg3 54. h4 1-0

[Event "Online Olym Div2 E"]
[Site "Chess.com INT"]
[Date "2020.08.14"]
[Round "2.4"]
[White "Bacic, Kristina"]
[Black "Heredia Serrano, Carla Sofia"]
[Result "1/2-1/2"]
[WhiteElo "1856"]
[BlackElo "2121"]
[PlyCount "88"]
[EventDate "2020.08.14"]
[EventType "team-tourn (rapid)"]
[EventRounds "9"]
[EventCountry "USA"]
[SourceTitle "CBM 198"]
[Source "ChessBase"]
[SourceDate "2020.10.31"]
[SourceVersion "1"]
[SourceVersionDate "2020.10.31"]
[SourceQuality "1"]
[WhiteTeam "Montenegro"]
[BlackTeam "Ecuador"]
[WhiteTeamCountry "MNE"]
[BlackTeamCountry "ECU"]

1. d4 d5 2. Nf3 Nf6 3. c3 Bf5 4. Bg5 e6 5. e3 c5 6. Bd3 Bxd3 7. Qxd3 Qb6 8. b3 Be7 9. Bxf6 Bxf6 10. 0-0 0-0 11. Nbd2 Nc6 12. Rab1 Rfc8 13. dxc5 Qxc5 14. Rfc1 Rd8 15. b4 Qe7 16. Nd4 Ne5 17. Qe2 Rac8 18. c4 dxc4 19. Nxc4 Nxc4 20. Rxc4 Bxd4 21. exd4 Rxc4 22. Qxc4 Qd6 23. Rd1 h6 24. g3 Qd5 25. Qxd5 Rxd5 26. f4 Kf8 27. Kf2 Ke7 28. Ke3 a5 29. a4 g5 30. Rb1 gxf4+ 31. gxf4 axb4 32. Rxb4 Rd7 33. Rb5 f5 34. Rb6 Rc7 35. Kd3 h5 36. Rb5 h4 37. d5 exd5 38. Rxd5 Ke6 39. Re5+ Kf6 40. Rb5 Rd7+ 41. Ke3 Rc7 42. Rb6+ Kg7 43. Kd3 Rd7+ 44. Ke3 Re7+ 1/2-1/2

[Event "MNT-chT 1st League"]
[Site "Podgorica"]
[Date "2019.07.28"]
[Round "9.5"]
[White "Mandic, Stefan"]
[Black "Bacic, Kristina"]
[Result "0-1"]
[WhiteElo "1927"]
[BlackElo "1849"]
[PlyCount "46"]
[EventDate "2019.07.20"]
[EventType "team-tourn"]
[EventRounds "9"]
[EventCountry "MNE"]
[SourceTitle "EXT 2020"]
[Source "ChessBase"]
[SourceDate "2019.10.17"]
[SourceVersion "1"]
[SourceVersionDate "2019.10.17"]
[SourceQuality "1"]
[WhiteTeam "Mimoza"]
[BlackTeam "Buducnost Omladinac"]
[WhiteTeamCountry "MNE"]
[BlackTeamCountry "MNE"]

1. Nf3 d5 2. g3 Nf6 3. Bg2 Bf5 4. c4 c6 5. Qa4 e6 6. cxd5 exd5 7. Nc3 Nbd7 8. d4 Bd6 9. 0-0 0-0 10. Nh4 Bg6 11. f4 Re8 12. Nxg6 hxg6 13. f5 gxf5 14. Rxf5 g6 15. Rf1 Ne4 16. Nxe4 dxe4 17. Qb3 Qe7 18. Bg5 Qe6 19. Qxb7 c5 20. d5 Qg4 21. Bf4 Rab8 22. Qxa7 Rxb2 23. Bxd6 Qxe2 0-1

[Event "Olympiad Women-41"]
[Site "Tromsoe"]
[Date "2014.08.08"]
[Round "6.4"]
[White "Bakalarz, Grazyna"]
[Black "Bacic, Kristina"]
[Result "1/2-1/2"]
[WhiteElo "1972"]
[BlackElo "1801"]
[PlyCount "95"]
[EventDate "2014.08.02"]
[EventType "team-swiss"]
[EventRounds "11"]
[EventCountry "NOR"]
[SourceTitle "CBM 162"]
[Source "ChessBase"]
[SourceDate "2014.09.17"]
[SourceVersion "1"]
[SourceVersionDate "2014.09.17"]
[SourceQuality "1"]
[WhiteTeam "Luxembourg (W)"]
[BlackTeam "Montenegro (W)"]
[WhiteTeamCountry "LUX"]
[BlackTeamCountry "MNE"]

1. d4 d5 2. Bf4 Nf6 3. e3 c5 4. c3 Nc6 5. Nf3 Qb6 6. Qb3 c4 7. Qc2 Bf5 8. Qc1 h6 9. Nbd2 Rc8 10. Be2 e6 11. 0-0 Be7 12. Bd1 0-0 13. Bc2 Bxc2 14. Qxc2 Qa6 15. Ne5 b5 16. e4 b4 17. Nxc6 Rxc6 18. e5 Nd7 19. Nf3 Rb8 20. g4 bxc3 21. bxc3 Ba3 22. g5 hxg5 23. Nxg5 Nf8 24. Rfe1 Rcb6 25. Re3 Be7 26. Qd1 Bxg5 27. Bxg5 Qb7 28. Re1 Rb2 29. h4 Qc7 30. Bc1 Rb1 31. Rxb1 Rxb1 32. Qc2 Qb7 33. h5 Ra1 34. Bd2 Rxe1+ 35. Bxe1 Qe7 36. f4 Qa3 37. Bh4 Nh7 38. Bd8 Qf8 39. Bg5 Nxg5 40. fxg5 Qe7 41. Qd2 Qb7 42. Qc2 a5 43. g6 Qe7 44. gxf7+ Qxf7 45. Qg6 Qxg6+ 46. hxg6 Kf8 47. Kf2 Ke7 48. a4 1/2-1/2

[Event "Olympiad Women-41"]
[Site "Tromsoe"]
[Date "2014.08.06"]
[Round "5.4"]
[White "Bacic, Kristina"]
[Black "Fallas Marin, Betsy"]
[Result "1-0"]
[WhiteElo "1801"]
[BlackElo "1715"]
[PlyCount "99"]
[EventDate "2014.08.02"]
[EventType "team-swiss"]
[EventRounds "11"]
[EventCountry "NOR"]
[SourceTitle "CBM 162"]
[Source "ChessBase"]
[SourceDate "2014.09.17"]
[SourceVersion "1"]
[SourceVersionDate "2014.09.17"]
[SourceQuality "1"]
[WhiteTeam "Montenegro (W)"]
[BlackTeam "Costa Rica (W)"]
[WhiteTeamCountry "MNE"]
[BlackTeamCountry "CRI"]

1. d4 Nf6 2. c4 c5 3. d5 b5 4. cxb5 a6 5. b6 Qxb6 6. g3 d6 7. Bg2 g6 8. Nf3 Bg7 9. 0-0 0-0 10. Nc3 Nbd7 11. Nd2 Ng4 12. h3 Ngf6 13. Kh2 Bb7 14. e4 Ne5 15. f4 Nd3 16. Nc4 Nxb2 17. Nxb6 Nxd1 18. Rxd1 Nxe4 19. Bxe4 Bxc3 20. Rb1 Ra7 21. Bb2 Bxb2 22. Rxb2 a5 23. Bd3 Rb8 24. Nc4 Rc8 25. Nb6 Rb8 26. Rdb1 Bc8 27. Nxc8 Rxc8 28. Bc4 a4 29. a3 Kg7 30. Rb7 Rc7 31. Rxc7 Rxc7 32. Rb6 Kf6 33. g4 h5 34. Kg3 hxg4 35. hxg4 g5 36. Bb5 gxf4+ 37. Kxf4 e5+ 38. Ke4 Ke7 39. Bc6 Kf6 40. Rb8 c4 41. Rb4 c3 42. Rxa4 c2 43. Rc4 Ra7 44. a4 Kg5 45. Rxc2 Kxg4 46. Rg2+ Kh5 47. Rg8 Ra5 48. Rd8 Kg5 49. Rxd6 f6 50. Rd8 1-0

[Event "MNT-ch 65th"]
[Site "Cetinje"]
[Date "2013.07.22"]
[Round "3"]
[White "Bacic, Kristina"]
[Black "Lakusic, Zoran"]
[Result "1-0"]
[WhiteElo "1798"]
[BlackElo "1649"]
[PlyCount "117"]
[EventDate "2013.07.20"]
[EventType "swiss"]
[EventRounds "9"]
[EventCountry "MNE"]
[SourceTitle "CBM 155 Extra"]
[Source "ChessBase"]
[SourceDate "2013.08.26"]
[SourceVersion "1"]
[SourceVersionDate "2013.08.26"]
[SourceQuality "1"]

1. d4 Nf6 2. Nf3 d6 3. Bg5 h6 4. Bh4 g5 5. Bg3 Bg7 6. c3 Bf5 7. e3 Nc6 8. Bd3 Ne4 9. Bxe4 Bxe4 10. d5 Bxf3 11. gxf3 Ne5 12. f4 Ng6 13. fxg5 hxg5 14. Qg4 Bf6 15. Nd2 Qd7 16. Qxd7+ Kxd7 17. Ne4 Rag8 18. Ke2 g4 19. Nxf6+ exf6 20. c4 Ne5 21. Bxe5 dxe5 22. e4 Rh3 23. Rag1 Kd6 24. Rg3 Rg5 25. b4 b6 26. Rhg1 Rxh2 27. Rxg4 Rxg4 28. Rxg4 Rh1 29. Rg7 Ra1 30. Rxf7 Rxa2+ 31. Ke3 Ra3+ 32. Ke2 Ra2+ 33. Kf3 a5 34. Rxf6+ Kd7 35. bxa5 bxa5 36. Ra6 a4 37. Ke3 a3 38. f3 Ra1 39. Kd2 a2 40. Kc2 Rf1 41. Rxa2 Rf2+ 42. Kb1 Rf1+ 43. Kc2 Rf2+ 44. Kb3 Rxf3+ 45. Kb4 Re3 46. Kc5 Rxe4 47. Ra7 Rd4 48. Ra6 Rd1 49. Rh6 Rc1 50. Rh5 Re1 51. Rh7+ Kd8 52. Kc6 Rc1 53. Rh4 Rd1 54. Rh8+ Ke7 55. Kxc7 Rd4 56. d6+ Ke6 57. Rh6+ Kf5 58. c5 e4 59. d7 1-0

[Event "Cetinje Batricevic Memorial op"]
[Site "Cetinje"]
[Date "2012.10.27"]
[Round "9"]
[White "Tomic, Aleksandar Lj"]
[Black "Bacic, Kristina"]
[Result "1-0"]
[WhiteElo "1899"]
[BlackElo "1782"]
[PlyCount "55"]
[EventDate "2012.10.20"]
[EventType "swiss"]
[EventRounds "9"]
[EventCountry "MNE"]
[SourceTitle "EXT 2013"]
[Source "ChessBase"]
[SourceDate "2012.11.22"]
[SourceVersion "1"]
[SourceVersionDate "2012.11.22"]
[SourceQuality "1"]

1. d4 d5 2. Nf3 Nf6 3. Bf4 c5 4. e3 Nc6 5. Nc3 Bg4 6. Be2 e6 7. 0-0 a6 8. Ne5 Bxe2 9. Qxe2 cxd4 10. Nxc6 bxc6 11. exd4 Qb6 12. Qd3 Be7 13. Rab1 a5 14. b3 0-0 15. Na4 Qa6 16. c4 Rac8 17. Qe3 c5 18. dxc5 Qc6 19. Qc3 Ra8 20. Nb6 Ra6 21. cxd5 exd5 22. Na4 Ne4 23. Qd3 Bxc5 24. Rbc1 Rc8 25. Nxc5 Nxc5 26. Rxc5 Qxc5 27. Qxa6 d4 28. h3 1-0

[Event "Cetinje Batricevic Memorial op"]
[Site "Cetinje"]
[Date "2012.10.23"]
[Round "5"]
[White "Dedic, Slavko"]
[Black "Bacic, Kristina"]
[Result "1-0"]
[WhiteElo "1889"]
[BlackElo "1782"]
[PlyCount "77"]
[EventDate "2012.10.20"]
[EventType "swiss"]
[EventRounds "9"]
[EventCountry "MNE"]
[SourceTitle "EXT 2013"]
[Source "ChessBase"]
[SourceDate "2012.11.22"]
[SourceVersion "1"]
[SourceVersionDate "2012.11.22"]
[SourceQuality "1"]

1. e4 c6 2. d4 d5 3. e5 Bf5 4. Nf3 e6 5. Be2 c5 6. c3 Nc6 7. 0-0 cxd4 8. cxd4 Nge7 9. Nc3 a6 10. a3 Bg4 11. b4 Nf5 12. Be3 Bxf3 13. Bxf3 Be7 14. Bg4 Nxe3 15. fxe3 b5 16. Rc1 Qb6 17. Qd3 Bg5 18. Nxd5 exd5 19. Bd7+ Kxd7 20. Qf5+ Kc7 21. Qxg5 Rae8 22. Rxf7+ Kb8 23. Qxg7 Nxe5 24. Rf6 Qd8 25. dxe5 Re7 26. Qh6 Rhe8 27. Rb6+ Rb7 28. Rxb7+ Kxb7 29. Qc6+ Ka7 30. Qc7+ Qxc7 31. Rxc7+ Kb6 32. Rxh7 Rxe5 33. Rh6+ Kb7 34. Kf2 Rf5+ 35. Ke2 Re5 36. Kd3 Rg5 37. g3 Rg4 38. Rd6 a5 39. Rxd5 1-0

[Event "Cetinje Batricevic Memorial op"]
[Site "Cetinje"]
[Date "2012.10.21"]
[Round "3"]
[White "Batricevic, Jovo"]
[Black "Bacic, Kristina"]
[Result "1-0"]
[WhiteElo "2158"]
[BlackElo "1782"]
[PlyCount "61"]
[EventDate "2012.10.20"]
[EventType "swiss"]
[EventRounds "9"]
[EventCountry "MNE"]
[SourceTitle "EXT 2013"]
[Source "ChessBase"]
[SourceDate "2012.11.22"]
[SourceVersion "1"]
[SourceVersionDate "2012.11.22"]
[SourceQuality "1"]

1. d4 d5 2. Nc3 c6 3. e4 dxe4 4. Nxe4 Bf5 5. Ng3 Bg6 6. f4 e6 7. Nf3 Nd7 8. Bd3 Bxd3 9. Qxd3 Ngf6 10. f5 exf5 11. Nxf5 g6 12. Qe2+ Be7 13. Nd6+ Kf8 14. Bh6+ Kg8 15. Nxf7 Kxf7 16. Ng5+ Ke8 17. 0-0 Qb6 18. c3 Nd5 19. Kh1 Rf8 20. Bxf8 Nxf8 21. c4 Nc7 22. Rae1 Qb4 23. c5 Nd5 24. Rf7 Kd8 25. Rxe7 Qxe1+ 26. Qxe1 Nxe7 27. Qe5 Ke8 28. Ne4 Nd7 29. Nd6+ Kf8 30. Qh8+ Ng8 31. Qxh7 1-0

[Event "Olympiad Women-40"]
[Site "Istanbul"]
[Date "2012.09.07"]
[Round "10.4"]
[White "Bacic, Kristina"]
[Black "Benkunskiene, Violeta"]
[Result "1-0"]
[WhiteElo "1801"]
[BlackElo "1643"]
[PlyCount "105"]
[EventDate "2012.08.28"]
[EventType "team-swiss"]
[EventRounds "11"]
[EventCountry "TUR"]
[SourceTitle "CBM 150 Extra"]
[Source "ChessBase"]
[SourceDate "2012.10.19"]
[SourceVersion "1"]
[SourceVersionDate "2012.10.19"]
[SourceQuality "1"]
[WhiteTeam "Montenegro (W)"]
[BlackTeam "IBCA (W)"]
[WhiteTeamCountry "MNE"]

1. d4 d5 2. Nf3 Nf6 3. Bg5 Bf5 4. e3 e6 5. Bd3 Bxd3 6. Qxd3 Be7 7. Nbd2 0-0 8. Ne5 Nbd7 9. f4 Nxe5 10. fxe5 Nd7 11. Bxe7 Qxe7 12. 0-0 c5 13. c3 Rac8 14. Rf3 f6 15. Rh3 g6 16. exf6 Nxf6 17. Nf3 Ne4 18. Rf1 c4 19. Qe2 Rf7 20. Ne5 Rxf1+ 21. Qxf1 Rf8 22. Rf3 Rf5 23. Rxf5 exf5 24. Qf4 a6 25. g3 Kg7 26. Kg2 Kg8 27. h3 Kg7 28. Nf3 h6 29. g4 fxg4 30. hxg4 Qd6 31. Ne5 Qe7 32. Kf3 Qf6 33. a3 b5 34. Qxf6+ Kxf6 35. Nd7+ Ke7 36. Nb8 Nd6 37. Nxa6 Ke6 38. Nc7+ Kf7 39. Nxd5 Ke6 40. Nf4+ Kf6 41. e4 Nc8 42. e5+ Kg7 43. Ne6+ Kf7 44. Nc7 Na7 45. Ke4 Ke7 46. Nd5+ Kf7 47. Nf4 Nc6 48. Kd5 Nd8 49. Kd6 g5 50. e6+ Ke8 51. Nh5 Nb7+ 52. Kc7 Nd8 53. d5 1-0

[Event "Olympiad Women-40"]
[Site "Istanbul"]
[Date "2012.08.28"]
[Round "1.4"]
[White "Liao, Jo Yu"]
[Black "Bacic, Kristina"]
[Result "0-1"]
[WhiteElo "1520"]
[BlackElo "1801"]
[PlyCount "122"]
[EventDate "2012.08.28"]
[EventType "team-swiss"]
[EventRounds "11"]
[EventCountry "TUR"]
[SourceTitle "CBM 150 Extra"]
[Source "ChessBase"]
[SourceDate "2012.10.19"]
[SourceVersion "1"]
[SourceVersionDate "2012.10.19"]
[SourceQuality "1"]
[WhiteTeam "Taiwan (W)"]
[BlackTeam "Montenegro (W)"]
[WhiteTeamCountry "TPE"]
[BlackTeamCountry "MNE"]

1. e4 c6 2. d4 d5 3. exd5 cxd5 4. Nc3 Nf6 5. Nf3 Nc6 6. h3 Bf5 7. Be2 e6 8. a3 Be7 9. 0-0 0-0 10. Bd3 Ne4 11. Re1 Nd6 12. b3 Bf6 13. Ne2 b5 14. Bb2 a5 15. Ng3 Bg6 16. Bxg6 hxg6 17. Ne5 Bxe5 18. dxe5 Nf5 19. Qd3 Qb6 20. Nxf5 gxf5 21. Qe3 Qxe3 22. Rxe3 Rfc8 23. f4 Rc7 24. Kf2 Rac8 25. Rc1 a4 26. b4 Ne7 27. c3 Rc4 28. g3 Nc6 29. Rh1 Nd4 30. cxd4 Rc2+ 31. Re2 Rxe2+ 32. Kxe2 Rc2+ 33. Kd3 Rxb2 34. Rc1 Rg2 35. Re1 Ra2 36. Rc1 Rxa3+ 37. Rc3 Rxc3+ 38. Kxc3 Kh7 39. Kb2 Kh6 40. Kc3 g5 41. fxg5+ Kxg5 42. Kb2 f4 43. gxf4+ Kxf4 44. Kc3 Kg3 45. h4 Kxh4 46. Kb2 Kg4 47. Kc2 Kf4 48. Kb2 Ke4 49. Kc3 Ke3 50. Kb2 Kxd4 51. Ka2 Kxe5 52. Kb2 d4 53. Kc2 Ke4 54. Kd2 d3 55. Kc1 Ke3 56. Kd1 d2 57. Kc2 Ke2 58. Kc3 d1Q 59. Kb2 Kd3 60. Ka2 Kc3 61. Ka3 Qb3# 0-1

[Event "EU-ch U18 Girls"]
[Site "Prague"]
[Date "2012.08.23"]
[Round "7"]
[White "Bacic, Kristina"]
[Black "Milicevic, Dajana"]
[Result "1/2-1/2"]
[WhiteElo "1801"]
[BlackElo "1684"]
[PlyCount "81"]
[EventDate "2012.08.17"]
[EventType "swiss"]
[EventRounds "9"]
[EventCountry "CZE"]
[SourceTitle "CBM 150 Extra"]
[Source "ChessBase"]
[SourceDate "2012.10.19"]
[SourceVersion "1"]
[SourceVersionDate "2012.10.19"]
[SourceQuality "1"]

1. d4 e6 2. Nf3 Nf6 3. Bf4 d5 4. Nbd2 Bd6 5. Ne5 Nbd7 6. e3 Be7 7. Be2 0-0 8. g4 Nxe5 9. dxe5 Ne4 10. Nxe4 dxe4 11. Qd4 Qd5 12. Bc4 Qc6 13. 0-0-0 b5 14. Bf1 a5 15. Bg2 Bb7 16. Qd7 Bc5 17. Qxc6 Bxc6 18. g5 a4 19. h4 b4 20. h5 Bd5 21. Kb1 b3 22. cxb3 axb3 23. a3 Ra4 24. Rc1 Bxa3 25. bxa3 Rfa8 26. Kb2 Rxa3 27. Ra1 Ra2+ 28. Rxa2 Rxa2+ 29. Kc3 Rc2+ 30. Kb4 c5+ 31. Ka4 c4 32. Ka3 c3 33. Bxe4 Bxe4 34. Kxb3 Kf8 35. f3 Bxf3 36. Kxc2 Bxh1 37. Kxc3 Ke7 38. Kd4 Bf3 39. h6 g6 40. Kc5 Kd7 41. Bg3 1/2-1/2

[Event "EU-ch U18 Girls"]
[Site "Prague"]
[Date "2012.08.22"]
[Round "6"]
[White "Wladyka, Angelika"]
[Black "Bacic, Kristina"]
[Result "1/2-1/2"]
[WhiteElo "1658"]
[BlackElo "1801"]
[PlyCount "85"]
[EventDate "2012.08.17"]
[EventType "swiss"]
[EventRounds "9"]
[EventCountry "CZE"]
[SourceTitle "CBM 150 Extra"]
[Source "ChessBase"]
[SourceDate "2012.10.19"]
[SourceVersion "1"]
[SourceVersionDate "2012.10.19"]
[SourceQuality "1"]

1. e4 c6 2. d4 d5 3. Nc3 dxe4 4. Nxe4 Bf5 5. Ng3 Bg6 6. Nf3 Nd7 7. Be2 e6 8. 0-0 Ngf6 9. b3 Bd6 10. Bb2 a5 11. c4 0-0 12. Nh4 a4 13. Nxg6 hxg6 14. Qc2 Qa5 15. Bc3 Bb4 16. Bxb4 Qxb4 17. Bf3 Ra5 18. Rfb1 a3 19. Rd1 Rc8 20. Qd2 Qxd2 21. Rxd2 b5 22. Rc1 b4 23. c5 Ra7 24. Re1 Nb8 25. Rc1 Rd8 26. Rc4 Rb7 27. Rd1 Rc8 28. Nf1 Na6 29. Ne3 Nd5 30. Bxd5 exd5 31. Rcc1 Re7 32. Re1 Rce8 33. Nc2 f6 34. f3 Kf7 35. Kf2 g5 36. Rxe7+ Rxe7 37. Re1 Rb7 38. Ke3 g6 39. Kd3 Nc7 40. g3 Rb8 41. Rh1 Na6 42. Re1 Nc7 43. Rh1 1/2-1/2

[Event "EU-chT (Women) 18th"]
[Site "Porto Carras"]
[Date "2011.11.08"]
[Round "6.4"]
[White "Bacic, Kristina"]
[Black "Newrkla, Katharina"]
[Result "0-1"]
[WhiteElo "1803"]
[BlackElo "2131"]
[PlyCount "76"]
[EventDate "2011.11.03"]
[EventType "team-swiss"]
[EventRounds "9"]
[EventCountry "GRE"]
[SourceTitle "EXT 2012"]
[Source "ChessBase"]
[SourceDate "2011.11.24"]
[SourceVersion "1"]
[SourceVersionDate "2011.11.24"]
[SourceQuality "1"]
[WhiteTeam "Montenegro (W)"]
[BlackTeam "Austria (W)"]
[WhiteTeamCountry "MNE"]
[BlackTeamCountry "AUT"]

1. e4 e5 2. Nf3 Nc6 3. Bc4 Nf6 4. d3 Be7 5. Nc3 0-0 6. h3 d6 7. Bg5 Na5 8. Bb3 Nxb3 9. axb3 h6 10. Be3 a6 11. Qd2 Re8 12. g4 d5 13. g5 d4 14. gxf6 dxe3 15. fxe3 Bxf6 16. 0-0-0 Be6 17. d4 c6 18. Qg2 Qc7 19. Qg3 Rac8 20. dxe5 g6 21. Rhg1 Bg7 22. h4 h5 23. Qg5 b5 24. Rdf1 b4 25. Na4 c5 26. Rf2 c4 27. bxc4 Bxc4 28. Kb1 Bb5 29. b3 Bxa4 30. bxa4 Rb8 31. Rgg2 b3 32. cxb3 Rxb3+ 33. Rb2 Rc3 34. Rg1 Rb8 35. Qg2 Rcb3 36. Rxb3 Rxb3+ 37. Ka2 Qc4 38. Ka1 Qc3+ 0-1

[Event "EU-ch U16 Girls"]
[Site "Albena"]
[Date "2011.09.17"]
[Round "6"]
[White "Bacic, Kristina"]
[Black "Galunova, Tsveta"]
[Result "0-1"]
[WhiteElo "1810"]
[BlackElo "2036"]
[PlyCount "70"]
[EventDate "2011.09.11"]
[EventType "swiss"]
[EventRounds "9"]
[EventCountry "BUL"]
[SourceTitle "CBM 144 Extra"]
[Source "ChessBase"]
[SourceDate "2011.10.28"]
[SourceVersion "1"]
[SourceVersionDate "2011.10.28"]
[SourceQuality "1"]

1. d4 d5 2. Nf3 Nf6 3. Bg5 Ne4 4. Bf4 c6 5. c3 Bf5 6. Nh4 e5 7. Bg3 Nxg3 8. hxg3 Bxb1 9. Rxb1 e4 10. Nf5 Qg5 11. Ne3 Bd6 12. Qd2 Nd7 13. Nc4 Qxd2+ 14. Nxd2 e3 15. fxe3 Bxg3+ 16. Kd1 Nf6 17. Rh3 Bd6 18. c4 0-0 19. c5 Bc7 20. b4 Rfe8 21. Kc2 Ng4 22. Rb3 f5 23. a4 a6 24. Nb1 Re6 25. Na3 Nh2 26. Rb1 Rae8 27. Kd2 f4 28. Nc2 fxe3+ 29. Kd3 Ng4 30. Kc3 g5 31. Na3 Nf2 32. Rf3 g4 33. Rf5 Kg7 34. Rh5 Kg6 35. Rh4 Bg3 0-1